<?xml version="1.0" encoding="UTF-8"?>
<record
    xmlns:xsi="http://www.w3.org/2001/XMLSchema-instance"
    xsi:schemaLocation="http://www.loc.gov/MARC21/slim http://www.loc.gov/standards/marcxml/schema/MARC21slim.xsd"
    xmlns="http://www.loc.gov/MARC21/slim">

  <leader>01544nam a2200217Ia 4500</leader>
  <controlfield tag="003">OSt</controlfield>
  <controlfield tag="005">20251118110032.0</controlfield>
  <controlfield tag="008">210210b2009   xxu||||| |||| 00| 0 eng d</controlfield>
  <datafield tag="040" ind1=" " ind2=" ">
    <subfield code="c">AL</subfield>
  </datafield>
  <datafield tag="041" ind1=" " ind2=" ">
    <subfield code="a">Kannada</subfield>
  </datafield>
  <datafield tag="082" ind1=" " ind2=" ">
    <subfield code="a">K894.4 TIRP</subfield>
  </datafield>
  <datafield tag="100" ind1=" " ind2=" ">
    <subfield code="a">TIRTARAMA VALALAMBE</subfield>
    <subfield code="d">&#xCA4;&#xCC0;&#xCB0;&#xCCD;&#xCA5;&#xCB0;&#xCBE;&#xCAE; &#xCB5;&#xCB3;&#xCB2;&#xC82;&#xCAC;&#xCC6;</subfield>
    <subfield code="9">246119</subfield>
  </datafield>
  <datafield tag="245" ind1=" " ind2=" ">
    <subfield code="a">Punarjanma mattu purushartha</subfield>
    <subfield code="b">&#xCAA;&#xCC1;&#xCA8;&#xCB0;&#xCCD;&#xC9C;&#xCA8;&#xCCD;&#xCAE; &#xCAE;&#xCA4;&#xCCD;&#xCA4;&#xCC1; &#xCAA;&#xCC1;&#xCB0;&#xCC1;&#xCB7;&#xCBE;&#xCB0;&#xCCD;&#xCA5;</subfield>
  </datafield>
  <datafield tag="260" ind1=" " ind2=" ">
    <subfield code="a">Mangaluru</subfield>
    <subfield code="b">Not Mentioned</subfield>
    <subfield code="c">2009</subfield>
  </datafield>
  <datafield tag="300" ind1=" " ind2=" ">
    <subfield code="a">176</subfield>
  </datafield>
  <datafield tag="520" ind1=" " ind2=" ">
    <subfield code="a">&#xCB2;&#xCC7;&#xC96;&#xC95; &#xCA4;&#xCC0;&#xCB0;&#xCCD;&#xCA5;&#xCB0;&#xCBE;&#xCAE; &#xCB5;&#xCB3;&#xCB2;&#xC82;&#xCAC;&#xCC6; &#xC85;&#xCB5;&#xCB0; &#xC95;&#xCC3;&#xCA4;&#xCBF;-&#xCAA;&#xCC1;&#xCA8;&#xCB0;&#xCCD;&#xC9C;&#xCA8;&#xCCD;&#xCAE; &#xCAE;&#xCA4;&#xCCD;&#xCA4;&#xCC1; &#xCAA;&#xCC1;&#xCB0;&#xCC1;&#xCB7;&#xCBE;&#xCB0;&#xCCD;&#xCA5;. &#xC88; &#xC8E;&#xCB0;&#xCA1;&#xCC1; &#xCAA;&#xCB0;&#xCBF;&#xC95;&#xCB2;&#xCCD;&#xCAA;&#xCA8;&#xCC6;&#xC97;&#xCB3; &#xCB8;&#xCBE;&#xCAE;&#xCCD;&#xCAF;&#xCA4;&#xCC6; &#xCB9;&#xCBE;&#xC97;&#xCC2; &#xCB5;&#xCCD;&#xCAF;&#xCA4;&#xCCD;&#xCAF;&#xCBE;&#xCB8;&#xC97;&#xCB3;&#xCA8;&#xCCD;&#xCA8;&#xCC1; &#xCA4;&#xCBF;&#xCB3;&#xCBF;&#xCAF;&#xCC1;&#xCB5; &#xC9C;&#xCBF;&#xC9C;&#xCCD;&#xC9E;&#xCBE;&#xCB8;&#xCC6; &#xC87;&#xCB2;&#xCCD;&#xCB2;&#xCBF;&#xCA6;&#xCC6;. &#xC92;&#xC82;&#xCA6;&#xCC1; &#xCB8;&#xCBF;&#xCA6;&#xCCD;&#xCA7;&#xCBE;&#xC82;&#xCA4;&#xCA6;&#xCBF;&#xC82;&#xCA6; &#xC8E;&#xCB3;&#xCC6;&#xCA6;&#xCC1;&#xCA4;&#xC82;&#xCA6;&#xCC1; &#xC87;&#xCA8;&#xCCD;&#xCA8;&#xCCA;&#xC82;&#xCA6;&#xCC1; &#xCB8;&#xCBF;&#xCA6;&#xCCD;&#xCA7;&#xCBE;&#xC82;&#xCA4;&#xC95;&#xCCD;&#xC95;&#xCC6; &#xCAC;&#xCBF;&#xC97;&#xCBF;&#xCAF;&#xCC1;&#xCB5; &#xCAA;&#xCCD;&#xCB0;&#xCAF;&#xCA4;&#xCCD;&#xCA8;&#xCB5;&#xCA8;&#xCCD;&#xCA8;&#xCC1; &#xCAE;&#xCBE;&#xCA1;&#xCC1;&#xCB5;&#xCC1;&#xCA6;&#xCBF;&#xCB2;&#xCCD;&#xCB2;. &#xCB5;&#xCBF;&#xCB5;&#xCBF;&#xCA7; &#xCB8;&#xCBF;&#xCA6;&#xCCD;&#xCA7;&#xCBE;&#xC82;&#xCA4;&#xC97;&#xCB3;&#xCCA;&#xC82;&#xCA6;&#xCBF;&#xC97;&#xCC6; &#xCB8;&#xCAE;&#xCA8;&#xCCD;&#xCB5;&#xCAF; &#xCB8;&#xCBE;&#xCA7;&#xCBF;&#xCB8;&#xCB2;&#xCC1; &#xCAF;&#xCA4;&#xCCD;&#xCA8;&#xCBF;&#xCB8;&#xCC1;&#xCA4;&#xCCD;&#xCA4;&#xCA6;&#xCC6;. &#xC85;&#xCB2;&#xCCC;&#xC95;&#xCBF;&#xC95;&#xCB5;&#xCBE;&#xCA6; &#xC88; &#xCAA;&#xCB0;&#xCBF;&#xC95;&#xCB2;&#xCCD;&#xCAA;&#xCA8;&#xCC6;&#xC97;&#xCB3; &#xCB5;&#xCBF;&#xC9A;&#xCBE;&#xCB0; &#xCB8;&#xCB0;&#xCB3;&#xCC0;&#xC95;&#xCB0;&#xCA3;&#xCA6;&#xCA4;&#xCCD;&#xCA4; &#xCAA;&#xCCD;&#xCB0;&#xCAF;&#xCA4;&#xCCD;&#xCA8;&#xCB5;&#xCBF;&#xCA6;&#xCC6;.

 </subfield>
  </datafield>
  <datafield tag="650" ind1=" " ind2=" ">
    <subfield code="a">Srashti stiti layagalemba vismaya</subfield>
    <subfield code="9">246120</subfield>
  </datafield>
  <datafield tag="690" ind1=" " ind2=" ">
    <subfield code="a">Kannada Prose</subfield>
    <subfield code="9">246121</subfield>
  </datafield>
  <datafield tag="906" ind1=" " ind2=" ">
    <subfield code="a">063924</subfield>
  </datafield>
  <datafield tag="942" ind1=" " ind2=" ">
    <subfield code="2">ddc</subfield>
    <subfield code="c">BK</subfield>
  </datafield>
  <datafield tag="999" ind1=" " ind2=" ">
    <subfield code="c">139302</subfield>
    <subfield code="d">139302</subfield>
  </datafield>
  <datafield tag="952" ind1=" " ind2=" ">
    <subfield code="0">0</subfield>
    <subfield code="1">0</subfield>
    <subfield code="2">ddc</subfield>
    <subfield code="4">0</subfield>
    <subfield code="7">0</subfield>
    <subfield code="8">KAN</subfield>
    <subfield code="a">AL</subfield>
    <subfield code="b">AL</subfield>
    <subfield code="c">Kannada Literature</subfield>
    <subfield code="d">2021-02-17</subfield>
    <subfield code="e">Athree Book Centre,Mangalore</subfield>
    <subfield code="g">100.00</subfield>
    <subfield code="l">0</subfield>
    <subfield code="o">K894.4 TIRP</subfield>
    <subfield code="p">063924</subfield>
    <subfield code="r">2021-02-17 00:00:00</subfield>
    <subfield code="w">2021-02-17</subfield>
    <subfield code="y">BK</subfield>
  </datafield>
</record>
